La personne humaine / (Record no. 162043)
[ view plain ]
| 000 -LEADER | |
|---|---|
| campo de control de longitud fija | 00617nam a22001815i 4500 |
| 001 - NÚMERO DE CONTROL | |
| campo de control | 162043 |
| 003 - IDENTIFICADOR DE NÚMERO DE CONTROL | |
| campo de control | ES-MaACL |
| 005 - FECHA Y HORA DE LA ÚLTIMA TRANSACCIÓN | |
| campo de control | 20250822062556.0 |
| 008 - DATOS DE LONGITUD FIJA--INFORMACIÓN GENERAL | |
| campo de control de longitud fija | 010504s1897 fr |||| | fre d |
| 040 ## - FUENTE DE CATALOGACIÓN | |
| Centro catalogador/agencia de origen | LR |
| Lengua de catalogación | spa |
| Centro/agencia transcriptor | LR |
| 100 1# - ENTRADA PRINCIPAL--NOMBRE DE PERSONA | |
| Nombre de persona | Piat, Clodius ( |
| Fechas asociadas al nombre | 1854-1918) |
| 9 (RLIN) | 91746 |
| 245 13 - MENCIÓN DEL TÍTULO | |
| Título | La personne humaine / |
| Mención de responsabilidad, etc. | par l'abbé C. Piat. |
| 260 ## - PUBLICACIÓN, DISTRIBUCIÓN, ETC. | |
| Lugar de publicación, distribución, etc. | Paris : |
| Nombre del editor, distribuidor, etc. | Ancienne Librairie Germer Baillière et Cie Félix Alcan, éditeur, |
| Fecha de publicación, distribución, etc. | 1897 ( |
| Lugar de fabricación/manufactura | Evreux : |
| Fabricante | imp. de Charles Hérissen) |
| 300 ## - DESCRIPCIÓN FÍSICA | |
| Extensión | 404 p. ; |
| Dimensiones | 23 cm. |
| 650 17 - PUNTO DE ACCESO ADICIONAL DE MATERIA--TÉRMINO DE MATERIA | |
| Término de materia o nombre geográfico como elemento de entrada | Psicología |
| Fuente del encabezamiento o término | embne |
| 9 (RLIN) | 16540 |
| 852 ## - LOCALIZACIÓN | |
| Ubicación | ES-MaACL |
| Número de control de estantería | B-7024 |
| Nota libre | -- Enc. hol. |
| Estatus retirado | Estado de pérdida | Estado de daño | No para préstamo | Colección | Biblioteca de origen | Biblioteca actual | Ubicación en estantería | Fecha de adquisición | Fuente de adquisición | Total de préstamos | Signatura topográfica completa | Código de barras | Visto por última vez | Precio de reemplazo | Tipo de ítem Koha |
|---|---|---|---|---|---|---|---|---|---|---|---|---|---|---|---|
| Libros del s. XIX | Biblioteca del Ateneo de Madrid | Biblioteca del Ateneo de Madrid | Sala Pardo Bazán | 17/01/2008 | B-7024 | 1169749 | 23/02/2023 | 23/02/2023 | Libro impreso antiguo |
